000 00359nam a22001577a 4500
003 OSt
005 20211206085807.0
008 211206b |||||||| |||| 00| 0 eng d
020 _a8126126167
040 _cHU
100 _aM.ANJANAPPA
_921731
245 _aHISTORY OF EDUCATION
260 _aNEW DELHI
_bHALL
_c2006
300 _a120
942 _2ddc
_cBOOKS
_n0
999 _c21410
_d21410